Central Library OPAC University of Rajshahi

Algae and man : (Record no. 65906)

MARC details
000 -LEADER
fixed length control field 00892nam a2200253 a 4500
001 - CONTROL NUMBER
control field 65906
003 - CONTROL NUMBER IDENTIFIER
rucl marc code BD-RjUL
005 - DATE AND TIME OF LATEST TRANSACTION
control field 20211209081500.0
008 - FIXED-LENGTH DATA ELEMENTS--GENERAL INFORMATION
fixed length control field 170313s1964 nyuab b 100 0 eng d
035 ## - SYSTEM CONTROL NUMBER
System control number (BD-RjUL)66036
040 ## - CATALOGING SOURCE
Original cataloging agency BD-RjUL
Transcribing agency BD-RjUL
Modifying agency BD-RjUL
Language of cataloging eng
041 ## - LANGUAGE CODE
Language code of text/sound track or separate title eng
082 00 - DEWEY DECIMAL CLASSIFICATION NUMBER
Classification number 577.6
Edition number 23
Author mark and year ALG 1964
111 2# - MAIN ENTRY--MEETING NAME
Meeting name or jurisdiction name as entry element NATO Advanced Study Institute
Date of meeting (1962 :
Location of meeting Louisville, Ky.)
9 (RLIN) 194902
245 10 - TITLE STATEMENT
Title Algae and man :
Remainder of title based on lectures presented at the NATO Advanced Study Institute, July 22-August 11, 1962, Louiville, Kentucky /
Statement of responsibility, etc. Edited by Daniel F. Jackson.
260 ## - PUBLICATION, DISTRIBUTION, ETC. (IMPRINT)
Place of publication, distribution, etc. New York :
Name of publisher, distributor, etc. Plenum Press,
Date of publication, distribution, etc. 1964.
300 ## - PHYSICAL DESCRIPTION
Pagination x, 434 p. :
Illustrations ill. ;
Size 24 cm.
504 ## - BIBLIOGRAPHY, ETC. NOTE
Bibliography, etc Includes bibliographies.
650 #0 - SUBJECT ADDED ENTRY--TOPICAL TERM
Topical term or geographic name as entry element Aquatic biology
9 (RLIN) 194903
Topical term or geographic name as entry element Algae
9 (RLIN) 194904
Topical term or geographic name as entry element Algae
General subdivision Economic aspects.
9 (RLIN) 194905
700 1# - ADDED ENTRY--PERSONAL NAME
Personal name Jackson, Daniel F.,
Relator term ed.
942 ## - ADDED ENTRY ELEMENTS (KOHA)
Source of classification or shelving scheme Dewey Decimal Classification
Koha item type Books
Holdings
Lost status Source of classification or shelving scheme Damaged status Not for loan Collection code Permanent Location Current Location Shelving location Date acquired Source of acquisition Total Checkouts Full call number Date last seen Copy number Koha item type
  Dewey Decimal Classification   Not For Loan Non-fiction Central Library, University of Rajshahi Central Library, University of Rajshahi Reading Room 21/06/1966 Asia foundation   577.6 ALG 1964 13/03/2017 C-1 Books